| 000 | 00955nam a22003137a 4500 | ||
|---|---|---|---|
| 001 | BR2011000968 | ||
| 003 | BR-BrBNA | ||
| 005 | 20230928103457.0 | ||
| 007 | ta | ||
| 008 | 230509b bl.||||| |||| 00| 0 por d | ||
| 040 |
_aBR-BrBNA _bpor _cBiblioteca Nacional de Agricultura |
||
| 041 | _a(Por) | ||
| 072 |
_aP34 _b1410 |
||
| 090 | _ 1410 BR2011000968 | ||
| 100 | 1 | _aRufini, M. | |
| 110 | 1 |
_aUniversidade Federal de Lavras, MG (Brasil) _0Tese (Mestrado) |
|
| 245 | 1 | _aEficiência da simbiose de bactérias fixadas de nitrogênio com feijoeiro comum em diferentes condições de pH | |
| 260 | 3 |
_aLavras, MG (Brasil): _c2010. |
|
| 300 | _a90 p. | ||
| 500 | _aSummaries (Eng, Por); Bibliography p. 68-77; 12 illus.; 33 tables | ||
| 650 | _aFEIJÃO | ||
| 650 | _aSIMBIOSE | ||
| 650 | _aFIXAÇÃO DE NITROGÊNIO | ||
| 650 | _aPH | ||
| 650 | _aINOCULAÇÃO | ||
| 650 | _aSOLO ÁRIDO | ||
| 909 |
_a202309 _bLucia _c55 _dLucia Elande |
||
| 942 | _cBK | ||
| 999 |
_c75283 _d75283 |
||